Statistiques concernant Pays les plus proches de Russie - une minute sprint

Cliquez ici pour prendre le quiz!

Statistiques générales

  • Ce quiz a été pris 106 fois
  • Le résultat moyen est 15 sur 20

Statistiques - réponses

kmpays% Correct
0Biélorussie
93%
0Chine
93%
0Lituanie
93%
0Estonie
92%
0Kazakhstan
92%
0Lettonie
92%
0Ukraine
92%
0Finlande
83%
0Mongolie
82%
0Géorgie
78%
0Corée du Nord
74%
0Pologne
72%
0Azerbaïdjan
70%
110Arménie
67%
0Norvège
67%
43Japon
51%
208Suède
51%
136Turquie
45%
165Iran
36%
4Etats-Unis
28%

Distribution des résultats

Percentile par nombre de réponses

% des personnes avec chaque résultat

Votre développement - résultats

Vous n’avez pas pris ce quiz